Prichádza nová mena - EURO

Euro je jednotná mena a menová jednotka. Duálny hotovostný peňažný obeh. Výmena slovenských mincí, výmena slovenských bankoviek. Predajné automaty. Náhrady za poškodené slovenské bankovky a slovenské mince. Výmena poškodených slovenských bankoviek. Rada EÚ rozhodla o stanovení konečného konverzného...

Ausführliche Beschreibung

Gespeichert in:
Bibliographische Detailangaben
1. Verfasser: Jaško, Jozef
Format: Buchkapitel
Sprache:Slowakisch
Schlagworte:
Tags: Tag hinzufügen
Keine Tags, Fügen Sie das erste Tag hinzu!

MARC

LEADER 00000naa$a2200000$$$4500
001 0080913
005 20231013072549.6
041 0 |a slo 
044 |a SK 
245 1 0 |a Prichádza nová mena - EURO  |c Jozef Jaško 
520 |a Euro je jednotná mena a menová jednotka. Duálny hotovostný peňažný obeh. Výmena slovenských mincí, výmena slovenských bankoviek. Predajné automaty. Náhrady za poškodené slovenské bankovky a slovenské mince. Výmena poškodených slovenských bankoviek. Rada EÚ rozhodla o stanovení konečného konverzného kurzu. Čo nepodlieha duálnemu zobrazeniu. Čo možno z duálneho zobrazenia výnimočne vynechať. Dohľad a kontrola nad dodržiavaním pravidiel a povinností. 
610 2 0 |a euro 
610 2 0 |a euromena 
610 2 0 |a ceny duálne 
610 2 0 |a koruna 
610 2 0 |a mince 
610 2 0 |a bankovky 
610 2 0 |a kurz výmenný 
100 1 |a Jaško, Jozef